| 000 | 01596nam0a2200373 4500 | ||
|---|---|---|---|
| 001 | RU\NLR\bibl\1812180 | ||
| 005 | 20250616154050.0 | ||
| 010 |
_a978-5-7091-0490-7 _9100 |
||
| 021 |
_aRU _b2011-64067 _94505 |
||
| 035 | _a(NLR Aleph) 001802781 | ||
| 090 |
_a1796318 _c1796318 |
||
| 100 | _a20110923d2011 |||y0rusy50 ca | ||
| 101 | 0 | _arus | |
| 102 | _aRU | ||
| 105 | _ay|||z|||001yy | ||
| 200 | 1 |
_aАнтропогенные ландшафты древней Минусы: историческое прошлое и экологическое настоящее _fВ.Ф. Буров |
|
| 205 | _a[3-е изд., испр. и доп.] | ||
| 210 |
_aАбакан _cХакасское книжное изд-во _d2011 |
||
| 215 |
_a203 с. _d21 |
||
| 300 | _aНа обороте тит. л. авт.: Буров В.Ф., к.филос.н., доц. | ||
| 320 | _aБиблиогр. в подстроч. примеч. | ||
| 320 | _aУказ. имен: с. 202-203 | ||
| 606 | 1 |
_aКультурные ландшафты _xЭкология _yХакасия, Республика _92191180 _3RU\NLR\AUTH\6601552889 |
|
| 607 |
_aМинусинская котловина (Сибирь Южная) _xАрхеологические исследования _92191257 _3RU\NLR\AUTH\6601552931 |
||
| 686 | 1 | _aТ4(2Р54-4Кра) | |
| 686 | 1 | _aД821.6(2Р54-4Кра-6Х) | |
| 700 | 1 |
_aБуров _bВ. Ф. _gВиктор Федорович _4070 |
|
| 801 | 0 |
_aRU _bNLR _c20110923 _gRCR |
|
| 801 | 1 |
_aRU _bNLR _c20110923 |
|
| 942 | _cBOOK | ||
| 980 | _aNB | ||
| 980 | _aNBR | ||